Dallas General Knowledge - Statistics

General Stats
  • This quiz has been taken 66 times
  • The average score is 6 of 10
Answer Stats
Hint Answer % Correct
Famous NFL Football team headquartered in the metro Cowboys
92%
Former president shot in the heart of downtown Dallas John F. Kennedy
92%
Major basketball team for the city of Dallas Mavericks
87%
Major airport and nickname for the Dallas-Fort Worth Metro DFW
72%
Major petroleum company headquarted in Dallas ExxonMobil
57%
Popular nickname for the city of Dallas, city magazine Big D
53%
Entertainment district filled with murals and music venues Deep Ellum
36%
Observation deck in downtown, the glowing ball Reunion Tower
34%
Famous location of where the above president was shot The Grassy Knoll
34%
Welcoming bright red sign and symbol for the city of Dallas Pegasus
19%
No matching quizzes found
Score Distribution
Percent of People with Each Score
Percentile by Number Answered
Your Score History
You have not taken this quiz